01264 a2200133 4500020001500000040003300015100002200048245007100070260005200141300004300193520068900236538016800925650003701093 a0130869112 aLibrary of CongressbEnglish1 aLiang, Y. Daniel.10aIntroduction to Java programming with JBuilder3 cY. Daniel Liang. aUpper Saddle River, NJ :bPrentice Hall,c2000. a771 p. :bill. +e1 CD-ROM (4 3/4 in.)1 a"This book covers the major topics in Java programming, including programming structures, methods, objects, classes, inheritance, graphics programming, applets, exception handling, internationalization, multithreading, multimedia, I/Q, and networking. Based completely on Java 2, the graphics' examples are built using Swing components, tested using Java 2 on Windows and on Sun Solaris using no depreciated API. The source code for all examples can be found on the companion CD-ROM, which also contains JBuilder 3 University Edition. The overall objective of this book is to teach the reader how to use many levels of abstraction to solve problems, both small and large."--BK JACKET. aSystem requirements for accompanying CD-ROM : Pentium 166 MHz or faster processor; a minimum of 64 megabytes of RAM; and at least 180 megabytes of free disk space. 0aJava (Computer program language)